Mistrzowie ligi Szwajcarskiej - Statystyki

Ogólne statystyki
  • Ten quiz został rozwiązany 24 razy
  • Średni wynik to 8 z 20
Statystyki odpowiedzi
Podpowiedź Klub % Poprawnych
20 Basel
100%
17 Young Boys
95%
13 Zurich
81%
27 Grasshopper
76%
17 Servette
71%
3 Lugano
67%
1 Luzern
57%
7 Lausanne
52%
2 Sion
48%
2 Sankt Gallen
33%
3 Winterthur
33%
3 Aarau
24%
2 Neuchatel Xamax
19%
1 Biel Bienne
10%
1 Bruhl
10%
1 Cantonal Neuchatel
10%
3 La chaux de fonds
10%
1 Anglo American Zurich
5%
1 Etoile La Chaux
5%
1 Bellizona
0%
Nie znaleziono quizów pasujących do podanych kryteriów
Rozkład punktacji
Procent ludzi z każdym wynikiem
Percentyl według liczby udzielonych odpowiedzi
Twoja historia wyników
Nie rozwiązałeś tego quizu